000 00622cam a22002411 4500
001 sa 67001533
003 DLC
005 20260227112323.0
008 901207s1965 ii 000 0 tamo
010 _asa 67001533
035 _a(OCoLC)22807297
040 _aDLC
_cWaU
_dDLC
042 _apremarc
050 0 0 _aU22
_b.G64
100 1 _aGovindan, K.
245 1 0 _aPanṭait Tamil̲ar pōr ner̲i.
260 _c[1965]
300 _aii, xiv, 287 p.
_c19 cm.
500 _aIn Tamil.
500 _aBased on the Tolkāppiyam.
650 0 _aWar
_xMoral and ethical aspects.
700 0 _aTolkāppiyar.
_tTolkāppiyam.
999 _c72699
_d72699